| 000 | 00632nam a2200193Ia 4500 | ||
|---|---|---|---|
| 003 | GCL | ||
| 008 | 140319s9999 xx 000 0 ara d | ||
| 040 |
_aGCL / _cGCL |
||
| 082 | 0 | 4 |
_a956.903 _bف ى |
| 100 | 1 | _aفورد، هنرى | |
| 245 | 1 | 0 |
_aاليهودى العالمى : _bالمملكة اليهودية نظرة امريكية / _cفورد، هنرى |
| 250 | _aالاولى | ||
| 260 |
_aالقاهرة : _bمكتبة الشروق الدولية ، _c2003 |
||
| 300 |
_a125 ص ؛ _c24 سم |
||
| 650 | 0 | 4 | _aالصهيونية |
| 650 | 0 | 4 | _aاليهود |
| 650 | 0 | 4 | _aاليهودية والدولة |
| 942 |
_2ddc _cBK |
||
| 999 |
_c5093 _d5093 |
||